|
|
|
|
| LEADER |
00993nam a22002657a 4500 |
| 001 |
AAL4259 |
| 003 |
BD-DhAAL |
| 005 |
20160102232135.0 |
| 008 |
160102s 2002ii a|||| |||| 001 0 eng d |
| 020 |
|
|
|a 8124202699
|
| 040 |
|
|
|a BD-DhAAL
|c BD-DhAAL
|
| 082 |
|
|
|a 658.4/012
|
| 100 |
|
|
|a Lancaster, Geoffrey
|9 17145
|
| 245 |
|
|
|a Encyclopedia of strategic management :
|b Marketing planning and evaluation vol. 1 /
|c Geoffrey Lancaster
|
| 250 |
|
|
|a 1st ed.
|
| 260 |
|
|
|a New Delhi :
|b Crest Publishing House,
|c 2002.
|
| 300 |
|
|
|a 187 p. :
|b ill. ;
|c 24 cm.
|
| 500 |
|
|
|a Includes index.
|
| 541 |
|
|
|e 4259
|
| 650 |
|
|
|a Strategic planning.
|9 17146
|
| 650 |
|
|
|a Industrial management
|v Dictionaries.
|9 17147
|
| 650 |
|
|
|a International business enterprises
|v Dictionaries.
|9 17148
|
| 942 |
|
|
|2 ddc
|c BK
|
| 999 |
|
|
|c 36534
|d 36534
|
| 952 |
|
|
|0 0
|1 0
|2 ddc
|4 0
|6 658_400000000000000_012_LAN
|7 0
|9 57480
|a SCL
|b SCL
|c GEN
|d 2016-01-02
|g 1000.00
|l 1
|m 7
|o 658.4012 LAN
|p 3020004259
|r 2025-10-29
|s 2024-03-04
|t 1
|w 2016-01-02
|y BK
|